• 首页
  • 本馆介绍
  • 公告通知
  • 最新文献
  • 馆藏检索
  • 电子资源
  • 读者导购
  • 参考咨询
  • 我的图书馆
  • 登录
  • 详细信息显示
  • 放入我的书架
  • 预约/预借图书
  • 作者相关作品
  • 分类相关作品
  • 丛书相关作品
  • 出版社相关作品

书目信息

  • 表格格式
  • 工作单格式
  • 卡片格式
题名:
保险就该这样卖
    
 
作者: 陈玉明 编著
分册:  
出版信息: 北京   机械工业出版社  2010
页数: 265页
开本: 24cm
丛书名: 推销员实战情景模拟丛书
单 册:
中图分类: F840.4
科图分类:
主题词: 保险业务--推销--方法 , 保险业务 , 推销
电子资源:
ISBN: 978-7-111-27408-7
000 00843oam2 2200277 45
001 1050910312
005 20100415171049.25
010    @a978-7-111-27408-7@dCNY36.00
100    @a20100409e2010 em y0chiy0110 ea
101 0  @achi
102    @aCN@b110000
105    @ay z 000yy
106    @ar
200 1  @a保险就该这样卖@ABao Xian Jiu Gai Zhe Yang Mai@f陈玉明编著@FChen Yu Ming Bian Zhu
210    @a北京@c机械工业出版社@d2010
215    @a265页@d24cm
225 2  @a推销员实战情景模拟丛书
330    @a本书针对保险营销的实际,提供了105个模拟场景,分8堂课进行讲解。
461  0 @12001 @a推销员实战情景模拟丛书
606 0  @a保险业务@x推销@x方法
606 0  @a保险业务
606 0  @a推销
690    @aF840.4@v4
701  0 @a陈玉明@AChen Yu Ming@c(保险)@4编著
801  0 @aCN@bTANGWEI@c20100415
905    @b0591668-72@dF840.4@e59@f5
    
    保险就该这样卖/陈玉明编著.-北京:机械工业出版社,2010
    265页;24cm.-(推销员实战情景模拟丛书)
    
    
    ISBN 978-7-111-27408-7:CNY36.00
    本书针对保险营销的实际,提供了105个模拟场景,分8堂课进行讲解。
●
相关链接 在E读中查询图书 在五车中查询图书 在当当中查询图书 在豆瓣中查询图书


正题名:保险就该这样卖     索取号:F840.4/59         预约/预借

序号 登录号 条形码 馆藏地/架位号 状态 备注
1 0591668   205916687   第一样本阅览室/ [索取号:F840.4/59] 在馆    
2 0591669   205916696   第一借阅区/ [索取号:F840.4/59] 在馆    
3 0591670   205916703   第一借阅区/ [索取号:F840.4/59] 在馆    
4 0591671   205916712   第一借阅区/ [索取号:F840.4/59] 在馆    
5 0591672   205916721   密集书库-海洋学院/ [索取号:F840.4/59] 在馆    
唐山师范学院图书馆 欢迎您!
大连网信软件有限公司© 版权所有